000 00280nam a22001337a 4500
008 170329b xxu||||| |||| 00| 0 eng d
020 _a9780375506024
041 _aeng
080 _a796.3
100 _a8
101 _ashm
245 _aGAME FACE
_cGOTTESMAN, J
942 _2udc
_cBK
999 _c8889
_d8889